00491nam a2200169Ia 4500003000900000008004100009020001600050040001600066080001700082100002200099245004800121260003500169300001600204490003600220650004100256650002400297IN-BaIIA211028s9999 xx 000 0 eng d a8053-9103-7 cIIA Library a521.1bSTE-2 aSternberg, Shlomo 0aCelestial mechanicsbpt. 2cShlomo Stenberg aNew YorkbW. A. Benjaminc1969 axvii, 304p. aMathematics lecture note series aAstronomy and astrophysics thesaurus aCelestial mechanics